000 00342nam a2200133 a 4500
005 20140414131914.0
008 101015s19uu xx 00 eng d
050 _aER
_bM68 1998
100 _aGraves, Kelly
245 _aMiss Moo goes to the zoo.
260 _aNew York :
_bScholastic ,
_c1998.
650 _aCounting books
999 _c111359
_d111359